000 00869nab a2200253 u 4500
001 11274
003 HDC
007 cr bn ---aaaaa
008 210206c9999 |r|noo 0 a eng d
040 _aHDC
100 _aBrown, Anne-Louise
_911564
245 0 _aNo beef or alcohol in our juice, says Golden Circle / by
_cAnne-Louise Brown
260 _a[no place] :
_b[publisher not identified],
_c[no year]
336 _atext
_2rdacontent
337 _acomputer
_2rdamedia
338 _aonline resource
_2rdacarrier
650 _aFood and beverage
_96147
650 _aGolden Circle juice
_911565
710 _aThe Canberra Times
856 _zRequest full-text at [email protected]
942 _2lcc
942 _cNEWS
942 _kNWSO 001290
999 _c8597
_d8597